000 00593nam a22002177a 4500
003 ITZ
005 20240603175356.0
008 240603b |||||||| |||| 00| 0 spa d
020 _a978-607-32-5075-7
035 _a17788
041 _aspa
050 _aHF5415.2
_bM3518 - 2020
082 _a658.83
_bM249i - 2020
100 1 _aMalhotra, Naresh K.
245 _aInvestigación de mercados/
_cNaresh K. Malhotra
250 _a6a ed. español, 7a ed. ingles,
260 _aMéxico:
_bPearson Educacion,
_c2020
300 _a663 p.
_bil /
_c22 cm.
650 _a1. MERCADOTECNIA
942 _cBK
999 _c29502
_d29502